Notre Dame ChEg Pairs Quiz Stats

 Plays Quiz not verified by Sporcle

Support Sporcle.
Go Orange.
Score 0/34 Timer 04:00
0 Plays Today
Cheg Partner in Crime % Correct
Brett E.Mike
76%
Shelly F.Rachel
69.8%
Conor W.Ed
68.8%
Andrew A.Cam
56.3%
Ross D.Trey
56.3%
Dacey J.Liz
55.2%
Maria L.Bethany
52.1%
Kate H.Claire
50%
Crystal H.Lucia
50%
Hannah S.Kerry
47.9%
AceTravis
43.8%
Christie R.Paul
43.8%
John A.Mark
42.7%
Natalie L.Jen
41.7%
John K.Matt
37.5%
Rocio M.Stephanie
36.5%
Hugo L.Christine
35.4%
Cheg Partner in Crime % Correct
LoserSara
35.4%
Drew W.Doug
34.4%
Michael J.Charles
34.4%
Susan G.Rosemary
34.4%
Jeff C.John
31.3%
Ryan W.Mike
29.2%
Sam M.Brit
28.1%
Devin M.Ethan
27.1%
Cassie W.Kathleen
25%
Chris S.Tim
25%
Allison H.Kevin
24%
Courtney E.Kate
24%
Danny M.Hannah
22.9%
Ross V.Sam
21.9%
Greg D.Christine
20.8%
Kate T.Dre
19.8%
Janel C.Nick
14.6%

You're not logged in!

Compare scores with friends on all Sporcle quizzes.
OR
Log In

From the Vault

Remove Ads.
Support Sporcle.
Get the best of Sporcle when you Go Orange. This ad-free experience offers more features, more stats, and more fun while also helping to support Sporcle. Thank you for becoming a member.

Show Comments

Extras

Created Apr 20, 2011ReportNominate
Tags:crime, dame, Notre Dame, Partner

Top Quizzes Today


Score Distribution

Your Account Isn't Verified!

In order to create a playlist on Sporcle, you need to verify the email address you used during registration. Go to your Sporcle Settings to finish the process.

Report this User

Report this user for behavior that violates our Community Guidelines.

Details: